=LDR 00000nam 2200000 4500 =321 ##$$a =520 #$$a =650 #$$a =700 #$$a =856 ##$$a Perpustakaan kemendukbangga =Wor $a 1 =001 $a INLIS000000000008394 =005 $a 20260604104137 =008 $a 260604###########################0#ind## =022 ##$$a 1410-0355 =035 ##$$a 0010-0626000021 =082 ##$$a 361.3 =084 ##$$a 361.3 BAD i =110 #$$a Badan Pelatihan dan Pengembangan Sosial Departemen Sosial =245 ##$$a Informasi Permasalahan Sosial dan Usaha Kesejahteraan Sosial $b - $c Badan Pelatihan dan Pengembangan Sosial Departemen Sosial =247 ##$$a =260 ##$$a Jakarta $b Badan Pelatihan dan Pengembangan Sosial Departemen Sosial $c 2003 =300 ##$$a iii, 100 halaman $b - $c 24 cm $e =310 ##$$a